000 004490000a22001930004500
003 LK-CoMWRAF
005 20230907001316.0
008 230817t2003 ||||| |||| 00| 0 eng d
020 _a074326066X
040 _aLK-CoMWRAF
_dLK-CoMWRAF
_eLK-CoMWRAF
041 _aeng
082 _a823
_bALI
100 _aAli,Monica
245 _aBrick Lane
260 _aNew York :
_bScribner,
_c2003
300 _a541p
650 _aEnglish Fiction
942 _cBK
999 _c550
_d550